<?xml version="1.0" encoding="UTF-8"?>
<marc:record xmlns:marc="http://www.loc.gov/MARC21/slim">
   <marc:leader>00000nam a2200000 a 4500</marc:leader>
   <marc:datafield ind1="1" ind2=" " tag="100">
      <marc:subfield code="a">Lange, Harald</marc:subfield>
      <marc:subfield code="4">ctb</marc:subfield>
      <marc:subfield code="e">Mitwirkende/-r</marc:subfield>
   </marc:datafield>
   <marc:datafield ind1="1" ind2=" " tag="100">
      <marc:subfield code="a">Sinning, Silke</marc:subfield>
      <marc:subfield code="4">ctb</marc:subfield>
      <marc:subfield code="e">Mitwirkende/-r</marc:subfield>
   </marc:datafield>
   <marc:datafield ind1=" " ind2=" " tag="653">
      <marc:subfield code="a">Sportunterricht</marc:subfield>
   </marc:datafield>
   <marc:datafield ind1=" " ind2=" " tag="653">
      <marc:subfield code="a">Lehrbuch</marc:subfield>
   </marc:datafield>
   <marc:datafield ind1="0" ind2="0" tag="245">
      <marc:subfield code="a">Handbuch Sportdidaktik</marc:subfield>
   </marc:datafield>
   <marc:datafield ind1="0" ind2="0" tag="245">
      <marc:subfield code="c">Harald Lange ; Silke Sinning</marc:subfield>
   </marc:datafield>
   <marc:datafield ind1=" " ind2="1" tag="264">
      <marc:subfield code="a">Balingen</marc:subfield>
      <marc:subfield code="b">Spitta</marc:subfield>
      <marc:subfield code="c">2009</marc:subfield>
   </marc:datafield>
   <marc:datafield ind1=" " ind2=" " tag="250">
      <marc:subfield code="a">2., durchges. Aufl.</marc:subfield>
   </marc:datafield>
   <marc:datafield ind1="1" ind2=" " tag="520">
      <marc:subfield code="a">Angaben aus der Verlagsmeldung

Handbuch Sportdidaktik / von Harald Lange, Silke Sinning

Die Sportdidaktik ist die zentrale Bezugsdisziplin und Berufswissenschaft aller Sportlehrer, -referendare und -studierenden. Aber auch diejenigen, die im außerschulischen Sport für bewegungsbezogene Lehrlernverfahren Verantwortung übernehmen (z.B. im Training, im Fitness- und Gesundheitssport, in der Therapie, der Erlebnispädagogik oder im Tourismus) benötigen für die Planung, Reflexion und Auswertung ihrer Sportangebote sportdidaktisches Orientierungswissen.

Die umfang- und facettenreichen Wissensgrundlagen dieser Disziplin werden im vorliegenden Handbuch von mehr als 25 führenden Sportwissenschaftlern übersichtlich und zugleich tiefgehend aufgearbeitet. Dabei wird das relevante Spektrum sportdidaktischen Wissens in eine Struktur überführt, die ein umfassendes und pointiertes Studium erlaubt.

Das Buch ist entsprechend der wissenschaftssystematischen Verortung der Sportdidaktik in drei thematische Schwerpunkte unterteilt.

• Im ersten Abschnitt werden grundlegende Orientierungen didaktischen Denkens und Forschens zum Thema gemacht.
• Im zweiten Abschnitt wurden Beiträge aufgenommen, die sich den konzeptionellen Dimensionen des schulischen Bildungs- und Erziehungsauftrags bzw. von Lehrlernverfahren widmen.
• Im dritten Abschnitt werden die sportdidaktischen Wissensbestände in eine methodische Richtung konkretisiert, indem die relevanten Hintergründe sportunterrichtlicher Lehrlernverfahren aufgearbeitet und anschaulich präsentiert werden.

Über die Herausgeber:

Harald Lange ist Hochschullehrer für Sportpädagogik. Neben der Beschäftigung mit sportpädagogischen und sportdidaktischen Grundfragen zählen vor allem konzeptionelle Frage- und Problemstellungen des Sportunterrichts (v.a. Lehrkunstdidaktik im Sport) sowie trainings- und bewegungspädagogische Themen zu seinen Arbeitsschwerpunkten.

Silke Sinning ist Studienrätin im Hochschuldienst und Vertretungsprofessorin für Spielerziehung und Sportpädagogik. Neben der Beschäftigung mit sportpädagogischen und sportdidaktischen Grundfragen zählen vor allem konzeptionelle Frage- und Problemstellungen des Sportunterrichts (v.a. Spiel- und Sportspieldidaktik), Genderforschung, Handlungsökologie und pädagogische Bewegungsforschung zu ihren Arbeitsschwerpunkten.
</marc:subfield>
   </marc:datafield>
   <marc:datafield ind1=" " ind2=" " tag="020">
      <marc:subfield code="a">9783938509838</marc:subfield>
      <marc:subfield code="9">9783938509838</marc:subfield>
   </marc:datafield>
   <marc:datafield ind1=" " ind2=" " tag="041">
      <marc:subfield code="a">ger</marc:subfield>
   </marc:datafield>
   <marc:datafield ind1=" " ind2=" " tag="300">
      <marc:subfield code="a">459 S.</marc:subfield>
   </marc:datafield>
</marc:record>
